Štúdium precipitácie sekundárnych fáz v Cr-Mn-N austenitickej koróziivzdornej oceli po izotermickej výdrži v teplotnom intervale 600 až 900°C
Uložené v:
| Hlavný autor: | |
|---|---|
| Ďalší autori: | |
| Médium: | Rukopis Kniha |
| Jazyk: | Slovak |
| Vydavateľské údaje: |
2016
|
| Predmet: | |
| On-line prístup: | http://is.stuba.sk/zp/portal_zp.pl?podrobnosti=118246 |
| Tagy: |
Žiadne tagy, Buďte prvý, kto otaguje tento záznam!
|
MARC
| LEADER | 00000ntm a22000003a 4500 | ||
|---|---|---|---|
| 001 | stuzp56605 | ||
| 003 | SK-STU | ||
| 005 | 20160719155037.1 | ||
| 007 | ta | ||
| 008 | 150427s2015----xo-----f-mn---000-0-slo-d | ||
| 040 | |a STU |b slo | ||
| 041 | 0 | |a slo | |
| 100 | 1 | |a Ďurica, Juraj |u 061000 |k Z4 |4 aut |U MTF Materiálovotechnologická fakulta |T MTF Ústav materiálov |X 45735 |U M1000 |Y 81 |7 A000045735 | |
| 242 | 0 | 1 | |a The study of the precipitation of secondary phases in the Cr-Mn-N austenitic stainless steel after isothermal holding time in the temperature range 600 to 900°C |y eng |
| 245 | 1 | 0 | |a Štúdium precipitácie sekundárnych fáz v Cr-Mn-N austenitickej koróziivzdornej oceli po izotermickej výdrži v teplotnom intervale 600 až 900°C |
| 260 | |c 2016 | ||
| 650 | 4 | |a austenitická koróziivzdorná oceľ |2 slo | |
| 650 | 4 | |a Cr-Mn-N |2 slo | |
| 650 | 4 | |a precipitácia |2 slo | |
| 650 | 4 | |a fázová stabilita |2 slo | |
| 650 | 4 | |a korózia |2 slo | |
| 650 | 4 | |a corrosion |2 eng | |
| 650 | 4 | |a austenitic stainless steel |2 eng | |
| 650 | 4 | |a Cr-Mn-N |2 eng | |
| 650 | 4 | |a precipitation |2 eng | |
| 650 | 4 | |a phase stability |2 eng | |
| 700 | 1 | |a Dománková, Mária |u 061000 |k Z1 |4 ths |U MTF Materiálovotechnologická fakulta |T MTF Ústav materiálov |X 251 |U M1000 |Y 81 |7 A000000251 | |
| 856 | 4 | |u http://is.stuba.sk/zp/portal_zp.pl?podrobnosti=118246 | |
| 996 | |c M* DP-12758 |l MMSKP |s P |a 0 |w stuzp56605_0001 | ||
| SQL | |a stuzp56605 |b DDP |c SLO |d Štúdium precipitácie sekundárnych fáz v Cr-Mn-N austenitickej koróziivzdornej oceli po izotermickej výdrži v teplotnom intervale 600 až 900°C |e 45735 |f Ďurica, Juraj |g 061000 |h 251 |i Dománková, Mária |j 20160602 |k 667 |l 06 |m http://is.stuba.sk/zp/portal_zp.pl?podrobnosti=118246 |n I-MI |o 5.2.26. materiály | ||